Kľúč od pevnosti

Bibliographic Details
Format: Article
Language:Slovak
ISSN:1335-7573
Subjects:

MARC

LEADER 00000nab a2200000 ar4500
001 vtls009008635
003 SK-MaSNL
005 20260303065526.0
008 070723c20070607xo dr|n|||||||000 b|slo
038 |a SLLK 
040 |a SLLK  |b slo  |c sllk  |e AACR2 
041 0 |a slo 
044 |a xo  |c SK 
080 |a 379.8  |2 1997 
245 0 0 |a Kľúč od pevnosti 
610 2 7 |a Centrum voľného času (Stará Ľubovňa, Slovensko)  |2 snkbucl  |9 59256 
611 2 7 |a Kľúč od pevnosti  |n (13. :  |d 2007 :  |c Stará Ľubovňa, Slovensko)  |2 snkbucl  |9 1063984 
648 7 |a 2007  |2 snkbucl  |9 313226 
651 7 |a Stará Ľubovňa (Slovensko)  |2 snkbucl  |9 19193 
773 0 |t Tatranský denník Korzár  |g Roč. IX, č. 130 (7. 6.2007) s. 3  |x 1335-7573 
852 |a SLLK  |b KIS3GCP 
999 |c 1751556  |d 1753486